| 000 | 00697nam a2200217Ia 4500 | ||
|---|---|---|---|
| 005 | 20250508163854.0 | ||
| 008 | 008 250505s9999 xx 000 0 eng d | ||
| 020 | _a81-7391-370-6 | ||
| 037 | _aReference | ||
| 040 |
_aFEDL _beng _cFEDL |
||
| 041 |
_aeng _2eng |
||
| 084 |
_a376.954, BHA/RR _qFEDL |
||
| 100 |
_aBhattacharya Sabyasachi (et. al) Ed. _9776615 |
||
| 245 | 0 | _aDevelopment of women's education in India : A collection of documents 1850-1920 | |
| 260 |
_aNew Delhi, India _bKanishka Publishers, Distributors _c2001 |
||
| 300 | _alxxvi,562p. | ||
| 365 |
_aINR _b1495 |
||
| 650 | _aWomen education | ||
| 942 |
_cREF _h376.954, BHA/RR |
||
| 999 |
_c1385718 _d1385718 |
||